000 00354 a2200157 4500
001 181076
020 _a
040 _cMagnum
100 _aCapelao, Maria Armanda
240 1 0 _aLo, menino de roca
_lpor
245 1 0 _aLo, menino de roca
362 0 _a1899
440 1 _aArmazém de Idéias
697 _aMAGNITO: IJ/ADOLESCENTE, NAMOR
942 _cBK
999 _c181076
_d181076